000 00872nam a2200277Ia 4500
005 20220316235607.0
008 121119s2001 mx gr 000 0 spa
020 _a9681659295
041 0 _aspa
082 0 4 _a571.939
_bC27M
100 1 _aCereijido, Marcelino
245 1 3 _aLa muerte y sus ventajas
_cMarcelino Cereijido, Fanny Blanck-Cereijido
250 _aPrimera edición
300 _a157 páginas
_c21 cm
490 0 _aCiencia para todos
650 1 4 _aMuerte celular
_2LEMB
650 1 4 _aMuerte (Biología)
_2LEMB
650 1 4 _aMuerte
_xAspectos psicológicos
_2LEMB
700 1 _aBlanck-Cereijido, Fanny
_93058
942 _2ddc
_cBK
264 _aMéxico
_bFondo de Cultura Económica
_c2001
336 _atexto
_btxt
_2rdacontent
337 _asin mediación
_bn
_2rdamedia
338 _avolumen
_bnc
_2rdacarrier
040 _aCO-BoRNBP
_bspa
_erda
_cCO-BoRNBP
999 _c1482
_d1482